000 00531nam a2200193Ia 4500
005 20250508163609.0
008 008 250505s9999 xx 000 0 eng d
020 _a0-465-01194-2
037 _aTextual
040 _aFEDL
_beng
_cFEDL
041 _aeng
_2eng
084 _a153.4, SAN
_qFEDL
100 _aSanford Anthony J.
_985050
245 0 _aCognition and cognitive psychology
260 _aNew York, USA
_bBasic Books
_c1985
300 _axx,435p
942 _cTEXL
_h153.4, SAN
999 _c1384278
_d1384278